000 00717nam a2200289Ia 4500
005 20260324140017.0
008 008 260324s9999 xx 000 0 eng d
020 _a9781315053059
037 _aEBOOK
040 _aCRL
040 _beng
040 _cCRL
041 _2eng
041 _aeng
084 _qCRL
100 _aAtsushi Sumi
_91202786
245 0 _aJapanese Industrial Transplants in the United States
245 0 _bOrganizational Practices and Relations of Power
260 _bTaylor and Francis
260 _c1999
365 _a
365 _b160
856 _uhttp://www.taylorfrancis.com/books/9781315053059
942 _cEBOOK
999 _c1804401
_d1804401